Central Library OPAC University of Rajshahi

Charles Sumner / (Record no. 63227)

MARC details
000 -LEADER
fixed length control field 01186nam a2200373 a 4500
001 - CONTROL NUMBER
control field 63227
003 - CONTROL NUMBER IDENTIFIER
rucl marc code BD-RjUL
005 - DATE AND TIME OF LATEST TRANSACTION
control field 20211209081154.0
008 - FIXED-LENGTH DATA ELEMENTS--GENERAL INFORMATION
fixed length control field 170129r19701900mau 001 0beng d
035 ## - SYSTEM CONTROL NUMBER
System control number (BD-RjUL)63356
System control number (OCoLC)17537885
System control number (OCoLC)00396841
040 ## - CATALOGING SOURCE
Original cataloging agency DLC
Transcribing agency LNW
Modifying agency XTA
-- BD-RjUL
Language of cataloging eng
041 ## - LANGUAGE CODE
Language code of text/sound track or separate title eng
082 ## - DEWEY DECIMAL CLASSIFICATION NUMBER
Classification number 923.273
Author mark and year STC 1970
090 ## - LOCALLY ASSIGNED LC-TYPE CALL NUMBER (OCLC); LOCAL CALL NUMBER (OCLC)
Classification number (OCLC) (R) ; Classification number, CALL (RLIN) (NR) E415.9.S9
Local cutter number (OCLC) ; Book number/undivided call number, CALL (RLIN) S76x 1900
092 ## - LOCALLY ASSIGNED DEWEY CALL NUMBER (OCLC)
Item number SUM
100 1# - MAIN ENTRY--PERSONAL NAME
Personal name Storey, Moorfield,
Dates associated with a name 1845-1929.
9 (RLIN) 188185
245 10 - TITLE STATEMENT
Title Charles Sumner /
Statement of responsibility, etc. by Moorfield Storey.
260 ## - PUBLICATION, DISTRIBUTION, ETC. (IMPRINT)
Place of publication, distribution, etc. Boston :
Name of publisher, distributor, etc. Houghton, Mifflin,
Date of publication, distribution, etc. c1900 [Reissued 1970]
300 ## - PHYSICAL DESCRIPTION
Pagination [vi], 466 p. ;
Size 19 cm.
490 1# - SERIES STATEMENT
Series statement American statesmen ;
Volume/sequential designation [vol. 30]
500 ## - GENERAL NOTE
General note Series title also at head of t.-p.
General note Includes index.
600 10 - SUBJECT ADDED ENTRY--PERSONAL NAME
Personal name Sumner, Charles,
Dates associated with a name 1811-1874.
610 10 - SUBJECT ADDED ENTRY--CORPORATE NAME
Corporate name or jurisdiction name as entry element United States.
Subordinate unit Congress.
-- Senate
650 #0 - SUBJECT ADDED ENTRY--TOPICAL TERM
Topical term or geographic name as entry element Legislators
Geographic subdivision United States
Form subdivision Biography.
9 (RLIN) 188188
651 #0 - SUBJECT ADDED ENTRY--GEOGRAPHIC NAME
Geographic name United States
General subdivision Politics and government
Chronological subdivision 1849-1877.
9 (RLIN) 188189
830 #0 - SERIES ADDED ENTRY--UNIFORM TITLE
Uniform title American statesmen ;
Volume number/sequential designation v. 30.
942 ## - ADDED ENTRY ELEMENTS (KOHA)
Source of classification or shelving scheme Dewey Decimal Classification
Koha item type Books
946 ## - LOCAL PROCESSING INFORMATION (OCLC)
a t
949 ## - LOCAL PROCESSING INFORMATION (OCLC)
a c
p 39080021962250
Holdings
Lost status Source of classification or shelving scheme Damaged status Not for loan Collection code Permanent Location Current Location Shelving location Date acquired Total Checkouts Full call number Date last seen Copy number Koha item type
  Dewey Decimal Classification   Not For Loan Non-fiction Central Library, University of Rajshahi Central Library, University of Rajshahi Reading Room 07/10/1985   923.273 STC 1970 29/01/2017 C-1 Books